000 00280nam a22001337a 4500
008 181224b xxu||||| |||| 00| 0 eng d
020 _a0201210940
041 _aeng
080 _a540
100 _a12
101 _aKIM
245 _aChemistry
_cWilbraham,A.C
942 _2udc
_cBK
999 _c53725
_d53725